| 000 | 00595nam a2200157 i 4500 | ||
|---|---|---|---|
| 001 | 171565 | ||
| 003 | ES-MaACL | ||
| 005 | 20230906214649.0 | ||
| 008 | 090520m19461950ag |||| | spa d | ||
| 100 | 1 |
_aSolari, Gioele. _9140246 |
|
| 245 | 1 | 0 |
_aFilosofía del derecho privado / _cprefacio del autor a esta edición argentina ; presentación de Renato Treves ; [traducción directa del original italiano]. |
| 260 |
_aBuenos Aires : _bDeperlina, _c1946-1950. |
||
| 300 |
_a2 v. : _b1 lám., retr. autor ; _c24 cm. |
||
| 700 | 0 |
_aTreves, Renato. _9111340 |
|
| 852 |
_aES-MaACL _jD-5925-26 _9R.23032 |
||
| 999 |
_c171565 _d171565 |
||